[Event "Barcelona Sant Marti op 04th"]
[Site "Barcelona"]
[Date "2002.05.25"]
[Round "8.32"]
[White "Ani, Virgil"]
[Black "Agea Carpintero, Albert"]
[Result "0-1"]
[WhiteElo "1920"]
[BlackElo "1760"]
[PlyCount "102"]
[EventDate "2002.04.06"]
[EventType "swiss"]
[EventRounds "9"]
[EventCountry "ESP"]
[SourceTitle "EXT 2003"]
[Source "ChessBase"]
[SourceDate "2002.11.25"]
[SourceVersion "1"]
[SourceVersionDate "2002.11.25"]
[SourceQuality "1"]

1. f4 d5 2. e3 Nf6 3. c3 e6 4. Bd3 Bd6 5. Nf3 c5 6. 0-0 Nc6 7. Bc2 0-0 8. b3 b6 9. g4 Nxg4 10. Bxh7+ Kxh7 11. Ng5+ Kg8 12. Qxg4 Qf6 13. Ba3 e5 14. Qh4 Qh6 15. Qxh6 gxh6 16. fxe5 Nxe5 17. d4 hxg5 18. dxe5 Bxe5 19. Bb2 f6 20. Nd2 Bb7 21. Nf3 Bd6 22. Rad1 Rad8 23. Rd2 Bc7 24. a3 Kg7 25. c4 dxc4 26. Rxd8 Bxd8 27. Nxg5 Bc8 28. bxc4 Kg6 29. Ne4 Ba6 30. Nd6 Be7 31. Nb5 Bxb5 32. cxb5 Rd8 33. Rf2 Rd3 34. Rg2+ Kf7 35. h4 Rxe3 36. Rg4 Rb3 37. Bc1 Rxb5 38. h5 Bf8 39. h6 Rb1 40. h7 Rxc1+ 41. Kg2 Bg7 42. Rg3 Rd1 43. Rh3 c4 44. h8Q Bxh8 45. Rxh8 Rd7 46. a4 Ke6 47. Kf2 Kd5 48. Ke2 Kc5 49. Rf8 Kb4 50. Rxf6 Kxa4 51. Rf1 Kb3 0-1